Polymorphisms of leptin, β-lactoglobulin and pituitary transcription factor have no effect on milk characteristics in crossbred cows (Registro n. 328397)
[ somente texto ]
| 000 -LÍDER | |
|---|---|
| fixed length control field | 02741nab a2200325 i 4500 |
| 003 - CÓDIGO MARC DA AGÊNCIA CATALOGADORA | |
| Campo de controle | BR-BrBNA |
| 005 - DATA E HORA DA ÚLTIMA ATUALIZAÇÃO | |
| Campo de controle | 20241104112354.0 |
| 008 - CAMPO DE TAMANHO FIXO | |
| fixed length control field | 241104b2019 bl.|r|pooa||| 00| 0 eng | |
| 040 ## - FONTE DA CATALOGAÇÃO | |
| Agência catalogadora | BR-BrBNA |
| Idioma da catalogação | eng |
| 072 ## - CATEGORIA AGRIS | |
| Código AGRIS | L10 |
| Código do objeto | 5214 |
| 100 ## - ENTRADA PRINCIPAL - NOME PESSOAL | |
| Nome pessoal | Ferreira, J.B. |
| 100 ## - ENTRADA PRINCIPAL - NOME PESSOAL | |
| Nome pessoal | Guilhermino, M.M. |
| 100 ## - ENTRADA PRINCIPAL - NOME PESSOAL | |
| Nome pessoal | Leite, J.H.G.M. |
| 100 ## - ENTRADA PRINCIPAL - NOME PESSOAL | |
| Nome pessoal | Sousa, J.E.R. |
| 100 ## - ENTRADA PRINCIPAL - NOME PESSOAL | |
| Nome pessoal | Araújo, B.V.S. |
| 100 ## - ENTRADA PRINCIPAL - NOME PESSOAL | |
| Nome pessoal | asconcelos, A.M. V |
| 100 ## - ENTRADA PRINCIPAL - NOME PESSOAL | |
| Nome pessoal | Lara, M.A.C. |
| 100 ## - ENTRADA PRINCIPAL - NOME PESSOAL | |
| Nome pessoal | Façanha, D.A.E. |
| 245 ## - TÍTULO PRINCIPAL | |
| Título principal | Polymorphisms of leptin, β-lactoglobulin and pituitary transcription factor have no effect on milk characteristics in crossbred cows |
| 500 ## - NOTA GERAL | |
| Nota geral | <br/>Publicação online; 14 ref.; 3 tables; Summary (Pt) |
| 942 ## - ADDED ENTRY ELEMENTS (KOHA) | |
| Koha item type | Analítica |
| 520 ## - NOTA DE RESUMO | |
| Nota de conteúdo | <br/><br/>RESUMO - O objetivo deste trabalho foi identificar polimorfismos genéticos de leptina, β-lactoglobulina e fator de transcrição pituitária (PIT1) e avaliar seus efeitos na composição química e na contagem de células somáticas de leite de vacas leiteiras mestiças que vivem em um clima quente. Um total de 291 vacas leiteiras mestiças foram investigadas. Foram coletadas amostras de sangue para extração de DNA e amostras de leite. As amostras foram classificadas em três grupos genéticos: (42), (83) e (166) Holandês x Guzerá. As frequências de alelos e genótipos foram determinadas e o equilíbrio HardyWeinberg foi avaliado. Foram realizadas análises da composição do leite (gordura, proteína, lactose e extracto seco desengordurado), contagem de células somáticas e rendimento leiteiro. Os grupos genéticos e os polimorfismos genéticos para cada gene foram utilizados como efeitos fixos na análise. O único polimorfismo encontrado em equilíbrio de Hardy-Weinberg foi para o genótipo da βlactoglobulina. No presente estudo, era esperado que a maioria das variáveis de composição variasse entre os genótipos. Já se sabe que os cruzamentos dão origem a animais com características fenotípicas<br/>e genotípicas. No entanto, os polimorfismos não influenciaram a composição e a qualidade do leite nas vacas e Holstein x Guzerá mantidas em um clima quente.<br/><br/><br/>Palavras-chave: vacas leiteiras, produção animal, recursos genéticos, Guzerá, Holandês |
| 650 ## - ASSUNTO - THESAGRO | |
| Cabeçalho tópico ou nome geográfico | GADO MESTIÇO |
| 650 ## - ASSUNTO - THESAGRO | |
| Cabeçalho tópico ou nome geográfico | VACA LEITEIRA |
| 650 ## - ASSUNTO - THESAGRO | |
| Cabeçalho tópico ou nome geográfico | PRODUÇÃO ANIMAL |
| 650 ## - ASSUNTO - THESAGRO | |
| Cabeçalho tópico ou nome geográfico | RECURSO GENÉTICO |
| 773 0# - ENTRADA ANALÍTICA | |
| Host Biblionumber | 1643 |
| Registro do item | 345608 |
| Imprenta | Belo Horizonte-MG Universidade Federal de Minas Gerais - Escola de Veterinaria 1983 |
| Outro identificador | 2024-6240 |
| Título | Arquivo Brasileiro de Medicina Veterinária e Zootecnia (Brazil) |
| ISSN | 0102-0935 |
| Colação | v. 71(2) . 715-719; (2019) |
| Número de controle de registro | BR2024003128 |
| 856 ## - ACESSO E ENDEREÇO ELETRÔNICO | |
| Identificador uniforme de recurso - URI | https://www.scielo.br/j/abmvz/a/cZTqBW8LgG7pkY5WNyXs9GN/?format=pdf&lang=en |
Nenhum exemplar disponível.

BINAGRI